[Event "Faxe Jubilaeums EMT 2014"]
[Site "Faxe"]
[Date "2014.05.07"]
[Round "6"]
[White "Eckert, Svend"]
[Black "Wang, Peter"]
[Result "0-1"]
[WhiteElo "1579"]
[BlackElo "1814"]
[PlyCount "106"]
[EventDate "2014.??.??"]

1. c4 Nf6 2. d4 g6 3. Nc3 Bg7 4. Nf3 O-O 5. e3 d6 6. Be2 Nbd7 7. O-O c6 8. b3
Re8 9. Bb2 e5 10. Qc2 e4 11. Nd2 d5 12. Rac1 Nf8 13. cxd5 cxd5 14. Nb5 Re6 15.
Qc7 Bd7 16. Qxd8 Rxd8 17. Rc5 a6 18. Nc7 Rd6 19. Ba3 Bc6 20. Rc2 R6d7 21. Nxa6
Ra8 22. Bxf8 Bxf8 23. Nc5 Rdd8 24. b4 b6 25. Na6 Bb7 26. b5 Rac8 27. Rfc1 Rxc2
28. Rxc2 Bd6 29. a4 Nd7 30. Nb3 Rc8 31. Rxc8+ Bxc8 32. a5 bxa5 33. Nxa5 Kf8 34.
g3 Ke8 35. Nc6 Nb6 36. Nc5 Bd7 37. Nxd7 Kxd7 38. f3 f5 39. f4 Kc7 40. Ne5 Na4
41. Nf7 Be7 42. Ng5 Bxg5 43. fxg5 Nc3 44. Bf1 Nd1 45. Be2 Nxe3 46. Kf2 Nc2 47.
Bd1 Nxd4 48. h4 Kb6 49. h5 Kxb5 50. hxg6 hxg6 51. Ke3 Ne6 52. Bb3 d4+ 53. Ke2
Nxg5 0-1

[Event "Faxe Jubilaeums EMT 2014"]
[Site "Faxe"]
[Date "2014.05.07"]
[Round "6"]
[White "Hansen, Borge"]
[Black "Frederiksen, Uffe"]
[Result "1/2-1/2"]
[WhiteElo "1490"]
[BlackElo "1705"]
[PlyCount "44"]
[EventDate "2014.??.??"]

1. e4 e6 2. d4 d5 3. exd5 exd5 4. Nf3 Nf6 5. h3 Bd6 6. Bd3 O-O 7. O-O h6 8.
Nbd2 Re8 9. a3 Be6 10. Re1 Nbd7 11. b4 c6 12. c3 Nf8 13. Ne5 Bxe5 14. Rxe5 Ng6
15. Bxg6 fxg6 16. f3 Nd7 17. Re2 Qf6 18. Nf1 Bf7 19. Raa2 g5 20. Rxe8+ Rxe8 21.
Re2 Re6 22. Qe1 Nb6 1/2-1/2

[Event "Faxe Jubilaeums EMT 2014"]
[Site "Faxe"]
[Date "2014.05.07"]
[Round "6"]
[White "Hansen, Aage"]
[Black "Refsgaard, Kaj"]
[Result "1-0"]
[WhiteElo "1618"]
[BlackElo "1469"]
[PlyCount "39"]
[EventDate "2014.??.??"]

1. e4 c5 2. Nf3 Nc6 3. d4 cxd4 4. Nxd4 g6 5. Be3 Bg7 6. Be2 d6 7. Nc3 Nf6 8.
Qd2 Nxd4 9. Bxd4 O-O 10. f3 a6 11. a4 Bd7 12. a5 Bc6 13. g4 Qd7 14. h4 h5 15.
Bxf6 Bxf6 16. gxh5 gxh5 17. Qh6 Bxc3+ 18. bxc3 f6 19. Qg6+ Kh8 20. Qxh5+ 1-0

[Event "Faxe Jubilaeums EMT 2014"]
[Site "Faxe"]
[Date "2014.05.07"]
[Round "6"]
[White "Wehlast, Svend Erik"]
[Black "Andersen, Hans E"]
[Result "0-1"]
[WhiteElo "1586"]
[BlackElo "1517"]
[PlyCount "116"]
[EventDate "2014.??.??"]

1. Nf3 Nc6 2. d4 d5 3. Bf4 h6 4. h3 Bf5 5. a3 e6 6. e3 a6 7. Bd3 Bxd3 8. cxd3
Bd6 9. Bxd6 cxd6 10. b4 Nge7 11. Nbd2 Qb6 12. O-O a5 13. bxa5 Rxa5 14. Rb1 Rb5
15. Rxb5 Qxb5 16. Qb1 Qa6 17. e4 O-O 18. Qb2 Rb8 19. e5 dxe5 20. Nxe5 Nxe5 21.
dxe5 Qxd3 22. Nf3 Nc6 23. Rc1 g6 24. Rxc6 Qd1+ 25. Kh2 Qa4 26. Rb6 Qf4+ 27. Kh1
Rc8 28. Ng1 Rc1 29. Rb3 Qc4 30. Kh2 Rc2 31. Qb1 Qf4+ 32. Rg3 Rxf2 33. Qd3 Qxe5
34. Qe3 Qxe3 35. Rxe3 Rb2 36. Nf3 Kg7 37. Ne5 f6 38. Nd7 Kf7 39. Nc5 e5 40. Rb3
Rxb3 41. Nxb3 b6 42. Kg3 Ke6 43. a4 d4 44. Kf3 Kd5 45. a5 bxa5 46. Nxa5 e4+ 47.
Ke2 f5 48. Nb3 f4 49. Nd2 d3+ 50. Kd1 g5 51. Ke1 Kd4 52. Nb3+ Kc3 53. Nd2 e3
54. Nf3 h5 55. Nxg5 Kc2 56. Nf3 d2+ 57. Kf1 d1=Q+ 58. Ne1+ Kd2 0-1

[Event "Faxe Jubilaeums EMT 2014"]
[Site "Faxe"]
[Date "2014.05.07"]
[Round "6"]
[White "Larsen, Paul M"]
[Black "Rasmussen, Frede"]
[Result "1-0"]
[WhiteElo "1468"]
[BlackElo "1456"]
[PlyCount "45"]
[EventDate "2014.??.??"]

1. Nf3 d5 2. d4 Bg4 3. e3 e6 4. Bd3 Qf6 5. Nbd2 Bd6 6. O-O Ne7 7. Qe1 Nbc6 8.
c3 Ng6 9. e4 Bf4 10. exd5 Bxd2 11. Nxd2 Nf4 12. Ne4 Qh4 13. Bxf4 Bh3 14. Bg3
Qh6 15. dxc6 f5 16. cxb7 Rb8 17. gxh3 f4 18. Nc5 Qxh3 19. Qxe6+ Qxe6 20. Nxe6
fxg3 21. Be4 gxh2+ 22. Kxh2 Kd7 23. Nc5+ 1-0

[Event "Faxe Jubilaeums EMT 2014"]
[Site "Faxe"]
[Date "2014.05.07"]
[Round "6"]
[White "Adrian, Michael"]
[Black "Andersen, Hans Poul"]
[Result "1-0"]
[WhiteElo "1323"]
[BlackElo "1270"]
[PlyCount "43"]
[EventDate "2014.??.??"]

1. d4 d5 2. f4 Bf5 3. Nf3 h6 4. e3 a6 5. c3 e6 6. Ne5 Bxb1 7. Rxb1 c6 8. Bd3
Nf6 9. O-O Nbd7 10. Bd2 Be7 11. Qf3 O-O 12. Qh3 Ne4 13. Bxe4 dxe4 14. Rbd1 Nxe5
15. fxe5 b5 16. Rf4 Qd5 17. Rdf1 Qxa2 18. Bc1 Qd5 19. Qg4 f5 20. exf6 Bxf6 21.
Rxf6 Qg5 22. Qxe6+ 1-0

[Event "Faxe Jubilaeums EMT 2014"]
[Site "Faxe"]
[Date "2014.05.07"]
[Round "6"]
[White "Eriksen, Knud Ejler"]
[Black "Hansen, Arne Mandrup"]
[Result "0-1"]
[WhiteElo "1067"]
[BlackElo "1304"]
[PlyCount "134"]
[EventDate "2014.??.??"]

1. e4 d5 2. exd5 Nf6 3. Nc3 Nxd5 4. Nxd5 Qxd5 5. Nf3 e5 6. d3 Nc6 7. a3 Bc5 8.
Be2 O-O 9. O-O Bf5 10. Be3 Bd4 11. c3 Bb6 12. c4 Qd7 13. b4 Bxe3 14. fxe3 e4
15. Ne1 exd3 16. Bxd3 Bxd3 17. Nxd3 Qe6 18. Qc1 b6 19. Nf4 Qe5 20. Re1 Rad8 21.
Qc2 Rd6 22. Nd5 Re6 23. Rad1 Ne7 24. Qa4 a5 25. bxa5 bxa5 26. Qxa5 c6 27. Nxe7+
Rxe7 28. Qb4 Qc7 29. a4 g6 30. a5 Ra8 31. Ra1 Rae8 32. Ra3 Qa7 33. c5 Rb8 34.
Qc3 Rb5 35. Rd1 Re8 36. Rc1 h5 37. Raa1 Qb8 38. Qe1 Qe5 39. a6 Rxc5 40. a7 Ra8
41. Rxc5 Qxc5 42. Rc1 Qxa7 43. Rxc6 Re8 44. Rc3 Kh7 45. h3 Qa5 46. Rc1 Qe5 47.
Rc3 f5 48. g3 g5 49. Kf2 Kg6 50. Rc6+ Re6 51. Rxe6+ Qxe6 52. Qe2 h4 53. Kg2
Qe4+ 54. Kf2 hxg3+ 55. Kxg3 f4+ 56. Kg4 fxe3+ 57. Kg3 Qf4+ 58. Kg2 Kf5 59. Qg4+
Qxg4+ 60. hxg4+ Kf4 61. Kf1 Kxg4 62. Ke2 Kf4 63. Ke1 Kf3 64. Kf1 g4 65. Ke1 g3
66. Kf1 e2+ 67. Ke1 g2 0-1

[Event "Faxe Jubilaeums EMT 2014"]
[Site "Faxe"]
[Date "2014.05.07"]
[Round "6"]
[White "Nielsen, Flemming"]
[Black "Christoffersen, Ib"]
[Result "1-0"]
[WhiteElo "1420"]
[BlackElo "1439"]
[PlyCount "81"]
[EventDate "2014.??.??"]

1. Nf3 Nf6 2. d4 d5 3. c4 c6 4. Nc3 Bg4 5. e3 e6 6. a3 Bd6 7. c5 Bc7 8. b4 O-O
9. Be2 h6 10. Nd2 Bf5 11. O-O Qe7 12. f4 Nh7 13. Nf3 Nd7 14. Qe1 Bd8 15. Kh1
Nhf6 16. Nd1 Ne4 17. Nf2 Ndf6 18. Ne5 Nxf2+ 19. Qxf2 Ne4 20. Qe1 Nf6 21. Ra2
Nh7 22. Rf3 f6 23. Nd3 Be4 24. Rh3 Bf5 25. Rh4 Bxd3 26. Bxd3 f5 27. Rh3 Nf6 28.
Qg3 Ng4 29. Re2 Rf6 30. e4 Qf7 31. exf5 exf5 32. Bxf5 Rxf5 33. Qxg4 Bg5 34. g3
Rf8 35. Rg2 Re8 36. Re2 Rxe2 37. Qxe2 Bf6 38. g4 Bxd4 39. gxf5 Qxf5 40. Rg3 Kh7
41. Qd3 1-0

[Event "Faxe Jubilaeums EMT 2014"]
[Site "Faxe"]
[Date "2014.05.06"]
[Round "6"]
[White "Skotte, Niels Peder"]
[Black "Jakobsen, Henning"]
[Result "0-1"]
[WhiteElo "1346"]
[BlackElo "1235"]
[PlyCount "88"]
[EventDate "2014.??.??"]

1. d4 Nf6 2. g3 g6 3. Bg2 Bg7 4. Nf3 d6 5. c3 O-O 6. Bg5 Nfd7 7. e4 h6 8. Be3
Nc6 9. Nbd2 e5 10. d5 Ne7 11. Nh4 f5 12. exf5 Nxf5 13. Nxf5 Rxf5 14. Bh3 Rf8
15. Ne4 Nf6 16. Nxf6+ Qxf6 17. Bxc8 Raxc8 18. Qe2 Qf3 19. Qxf3 Rxf3 20. O-O a6
21. Rad1 e4 22. Kg2 Rcf8 23. Rfe1 R8f5 24. c4 c5 25. Bf4 Bxb2 26. Rxe4 Ra3 27.
Bxd6 Bd4 28. Bf4 Rxa2 29. d6 Rf7 30. Re7 Rxe7 31. dxe7 Kf7 32. Re1 Rxf2+ 33.
Kh3 Ke8 34. Bxh6 Rf7 35. Bg5 Bf6 36. Bf4 Rxe7 37. Rb1 Bd4 38. Rb6 Rd7 39. Re6+
Kf7 40. Rb6 a5 41. Bc1 Bc3 42. Ba3 Bd4 43. Bc1 Bc3 44. Be3 Bb4 0-1

[Event "Faxe Jubilaeums EMT 2014"]
[Site "Faxe"]
[Date "2014.05.21"]
[Round "7"]
[White "Pedersen, Hans Dahl"]
[Black "Lindskov, Villy"]
[Result "1/2-1/2"]
[WhiteElo "2158"]
[BlackElo "1814"]
[PlyCount "29"]
[EventDate "2014.??.??"]

1. c4 e5 2. g3 d6 3. Bg2 g6 4. Nc3 Bg7 5. d3 Ne7 6. e4 c6 7. Nge2 O-O 8. O-O f5
9. Be3 Na6 10. Qd2 Be6 11. b3 Nc7 12. Bg5 Qd7 13. d4 Bf6 14. Bxf6 Rxf6 15. Rad1
1/2-1/2

[Event "Faxe Jubilaeums EMT 2014"]
[Site "Faxe"]
[Date "2014.05.21"]
[Round "7"]
[White "Krogh, Peter Ove"]
[Black "Jensen, Leif"]
[Result "1/2-1/2"]
[WhiteElo "1783"]
[BlackElo "1978"]
[PlyCount "66"]
[EventDate "2014.??.??"]

1. c4 e5 2. Nc3 g6 3. d4 d6 4. dxe5 dxe5 5. Qxd8+ Kxd8 6. e4 c6 7. Be3 Be6 8.
O-O-O+ Kc7 9. Bd3 Nd7 10. Nge2 f6 11. f4 Bc5 12. Bd2 Rd8 13. Na4 Be7 14. Kc2
Nc5 15. Nxc5 Bxc5 16. fxe5 fxe5 17. Rhf1 Rf8 18. Bc3 Nh6 19. Bxe5+ Bd6 20. Bxh8
Rxh8 21. h3 Re8 22. Nd4 Bg8 23. Nf3 Nf7 24. a3 Be5 25. c5 Nd8 26. b4 Bg7 27. g3
a5 28. Kb1 Ne6 29. Bc4 Ra8 30. Bxe6 Bxe6 31. e5 Bxh3 32. Rh1 Bf5+ 33. Kb2 h5
1/2-1/2

[Event "Faxe Jubilaeums EMT 2014"]
[Site "Faxe"]
[Date "2014.05.21"]
[Round "7"]
[White "Zachariassen, John"]
[Black "Christensen, Lars (1957)"]
[Result "0-1"]
[WhiteElo "1860"]
[BlackElo "2005"]
[PlyCount "122"]
[EventDate "2014.??.??"]

1. c4 c6 2. Nf3 Nf6 3. g3 g6 4. Bg2 Bg7 5. O-O d5 6. Qa4 O-O 7. d4 Bg4 8. Rd1
Nbd7 9. Qb3 Qb6 10. Nc3 Bxf3 11. Bxf3 Qxb3 12. axb3 Nb6 13. c5 Nbd7 14. b4 a6
15. Bf4 Rfe8 16. Bg2 Nh5 17. Bc1 f5 18. Nxd5 cxd5 19. Bxd5+ e6 20. Bxb7 Ra7 21.
Bc6 Rd8 22. Bg5 Bf6 23. Bxf6 Nhxf6 24. b5 Nb8 25. b6 Re7 26. Ba4 Nd5 27. Bb3
Nb4 28. e3 N8c6 29. Bc4 a5 30. Bb5 Kf7 31. Rd2 Kf6 32. Rad1 Red7 33. Kg2 g5 34.
Kf3 g4+ 35. Kg2 h5 36. h3 Rc8 37. hxg4 hxg4 38. Rh1 Kg6 39. Rdd1 Rg8 40. Rh4
Rgg7 41. Rh8 Rd8 42. Rdh1 Kf7 43. Bc4 Nd5 44. Bxd5 exd5 45. R8h6 Rg6 46. R6h5
Ne7 47. Ra1 Ra8 48. Ra4 Rgg8 49. Rh6 Rg6 50. Rxg6 Kxg6 51. b4 Nc6 52. b5 Nd8
53. c6 Kf6 54. Rxa5 Rxa5 55. c7 Ra8 56. f3 Nb7 57. fxg4 fxg4 58. Kf2 Ke6 59.
Ke2 Kd7 60. e4 dxe4 61. Ke3 Ra3+ 0-1

[Event "Faxe Jubilaeums EMT 2014"]
[Site "Faxe"]
[Date "2014.05.21"]
[Round "7"]
[White "Anghel, Mihai Ursta"]
[Black "Hansen, Aage"]
[Result "1-0"]
[WhiteElo "1593"]
[BlackElo "1618"]
[PlyCount "63"]
[EventDate "2014.??.??"]

1. e4 e6 2. Nf3 Nf6 3. e5 Nd5 4. d4 Nc6 5. c4 Bb4+ 6. Bd2 Bxd2+ 7. Qxd2 Nb6 8.
d5 Ne7 9. d6 cxd6 10. exd6 Ng6 11. Nc3 a6 12. a4 Rb8 13. a5 Na8 14. c5 Nh4 15.
Ne5 Qf6 16. f4 O-O 17. g3 Nf5 18. Bg2 h5 19. Be4 g6 20. Qd3 Kg7 21. Bxf5 exf5
22. Kf2 Re8 23. Nd5 Qd8 24. Rhe1 Re6 25. b4 Qe8 26. Nf3 Re4 27. Ng5 Rxe1 28.
Rxe1 Qf8 29. Qd4+ Kh6 30. Re7 h4 31. Rxf7 hxg3+ 32. hxg3 1-0

[Event "Faxe Jubilaeums EMT 2014"]
[Site "Faxe"]
[Date "2014.05.21"]
[Round "7"]
[White "Stuhr, Finn"]
[Black "Christoffersen, Per"]
[Result "1-0"]
[WhiteElo "1568"]
[BlackElo "1588"]
[PlyCount "107"]
[EventDate "2014.??.??"]

1. e4 e6 2. d4 d5 3. e5 c5 4. c3 Nc6 5. f4 Qb6 6. Nf3 cxd4 7. cxd4 Bd7 8. a3
Nh6 9. b4 a6 10. Bb2 Nf5 11. g4 Ne3 12. Qd3 Nc4 13. Bc3 Na7 14. Nbd2 Bb5 15.
Nxc4 Bxc4 16. Qc2 O-O-O 17. Bd2 Kb8 18. Bxc4 Rc8 19. Qa4 dxc4 20. O-O Nb5 21.
Be3 Nc3 22. Qc2 Nd5 23. Bd2 Be7 24. Qe4 c3 25. Bc1 h5 26. f5 hxg4 27. Qxg4 Rhg8
28. fxe6 fxe6 29. Bg5 Bxg5 30. Qxg5 Rcf8 31. Qh4 Ne3 32. Rf2 Nf5 33. Qe4 Rh8
34. Rc1 g5 35. Rg2 Qc7 36. Nxg5 Rh4 37. Rg4 Rxg4+ 38. Qxg4 Qg7 39. Kh1 Nxd4 40.
Qxd4 Qxg5 41. Qd6+ Ka7 42. Qc5+ b6 43. Qc7+ Ka8 44. Qc6+ Ka7 45. Qxc3 Rg8 46.
Qc7+ Ka8 47. Qc6+ Ka7 48. Qd7+ Ka8 49. Rc8+ Rxc8 50. Qxc8+ Ka7 51. Qc7+ Ka8 52.
Qc3 Qf5 53. Qg3 Qe4+ 54. Qg2 1-0

[Event "Faxe Jubilaeums EMT 2014"]
[Site "Faxe"]
[Date "2014.05.21"]
[Round "7"]
[White "Petersen, Bent"]
[Black "Andersen, Bjarne Hjorth"]
[Result "0-1"]
[WhiteElo "1892"]
[BlackElo "1884"]
[PlyCount "34"]
[EventDate "2014.??.??"]

1. d4 Nf6 2. c4 d6 3. Nc3 e5 4. dxe5 dxe5 5. Bd2 Be6 6. e4 Nc6 7. Nf3 Be7 8. a3
O-O 9. Qc2 Nd4 10. Nxd4 exd4 11. Nd5 Re8 12. O-O-O Bd6 13. Bg5 Bxd5 14. exd5 h6
15. Bh4 c6 16. dxc6 bxc6 17. Rxd4 Bf4+ 0-1

[Event "Faxe Jubilaeums EMT 2014"]
[Site "Faxe"]
[Date "2014.05.21"]
[Round "7"]
[White "Wang, Peter"]
[Black "Hansen, Borge"]
[Result "1-0"]
[WhiteElo "1814"]
[BlackElo "1490"]
[PlyCount "103"]
[EventDate "2014.??.??"]

1. e4 e5 2. Nf3 Nc6 3. Bc4 Be7 4. c3 Nf6 5. Qe2 O-O 6. d3 d6 7. Bb3 Be6 8. Nbd2
Bxb3 9. axb3 Nd7 10. Nc4 f5 11. exf5 Rxf5 12. b4 a6 13. Ne3 Rf7 14. O-O Rc8 15.
Nd5 h6 16. Be3 Nf6 17. Nxf6+ Bxf6 18. Qc2 Ne7 19. d4 exd4 20. Nxd4 Bxd4 21.
Bxd4 Nf5 22. Rad1 Qd7 23. c4 Nxd4 24. Rxd4 Qf5 25. Qe2 Rcf8 26. Re4 Qf6 27. f3
Rd7 28. Re6 Qf5 29. Re1 Qf7 30. Qe4 c6 31. Qg4 Qf5 32. Qg3 Qf4 33. R6e4 Qxg3
34. hxg3 Rfd8 35. Re6 Kf7 36. Kf2 Kf8 37. g4 d5 38. c5 Kf7 39. f4 Ra8 40. f5 a5
41. Ra1 Rdd8 42. bxa5 Re8 43. Rxe8 Rxe8 44. a6 bxa6 45. Rxa6 Rc8 46. b4 Rc7 47.
Ke3 Kf6 48. b5 Ke5 49. Rxc6 d4+ 50. Kd3 Rd7 51. b6 Rd5 52. Rc7 1-0

[Event "Faxe Jubilaeums EMT 2014"]
[Site "Faxe"]
[Date "2014.05.21"]
[Round "7"]
[White "Refsgaard, Kaj"]
[Black "Ambirk, Jan"]
[Result "0-1"]
[WhiteElo "1469"]
[BlackElo "1763"]
[PlyCount "36"]
[EventDate "2014.??.??"]

1. Nf3 d6 2. g3 e5 3. d3 Bg4 4. Bg2 Nc6 5. O-O Qd7 6. Re1 O-O-O 7. c3 h5 8. Qa4
h4 9. Ng5 hxg3 10. hxg3 f6 11. Bxc6 bxc6 12. Qxa7 Qe8 13. Qa4 Qh5 14. Qxc6 Qh2+
15. Kf1 fxg5 16. Qa8+ Kd7 17. Qa4+ Ke7 18. Bxg5+ Nf6 0-1

[Event "Faxe Jubilaeums EMT 2014"]
[Site "Faxe"]
[Date "2014.05.21"]
[Round "7"]
[White "Andersen, Hans E"]
[Black "Larsen, Paul M"]
[Result "1-0"]
[WhiteElo "1517"]
[BlackElo "1468"]
[PlyCount "85"]
[EventDate "2014.??.??"]

1. e4 c6 2. Nc3 d5 3. d4 g6 4. Nf3 Bg7 5. Be2 Nf6 6. e5 Ne4 7. Nxe4 dxe4 8. Ng5
h6 9. Nxe4 O-O 10. Be3 f5 11. Nc5 e6 12. Qd2 Kh7 13. h4 b6 14. Nb3 a5 15. a4
Na6 16. c3 Nc7 17. c4 Qd7 18. g4 Qf7 19. f4 Qe7 20. gxf5 Qb4 21. fxg6+ Kxg6 22.
Rg1+ Kh7 23. Bd3+ Kh8 24. Qxb4 axb4 25. Nd2 Bd7 26. b3 Rg8 27. Ne4 Raf8 28. Nd6
Ne8 29. Bg6 Nxd6 30. exd6 c5 31. dxc5 Bxa1 32. cxb6 h5 33. Rg5 Kg7 34. Be8+ Kh6
35. Rxh5+ Kg7 36. Rg5+ Kf6 37. Bxd7 e5 38. b7 exf4 39. Ba7 Re8+ 40. Bxe8 Rxe8+
41. Kf2 Rh8 42. b8=Q Rxh4 43. Qd8+ 1-0

[Event "Faxe Jubilaeums EMT 2014"]
[Site "Faxe"]
[Date "2014.05.21"]
[Round "7"]
[White "Hansen, Arne Mandrup"]
[Black "Adrian, Michael"]
[Result "1/2-1/2"]
[WhiteElo "1304"]
[BlackElo "1323"]
[PlyCount "40"]
[EventDate "2014.??.??"]

1. d4 d5 2. Bf4 e6 3. e3 f5 4. Nd2 Nf6 5. c3 c6 6. Ngf3 Bd6 7. Bg3 O-O 8. Bxd6
Qxd6 9. Ne5 Nbd7 10. f4 Ne4 11. Nd3 Qe7 12. Nxe4 fxe4 13. Nf2 Qf6 14. Qe2 b6
15. O-O-O a5 16. h3 b5 17. Ng4 Qe7 18. Rd2 Ba6 19. Qf2 b4 20. cxb4 Qxb4 1/2-1/2

[Event "Faxe Jubilaeums EMT 2014"]
[Site "Faxe"]
[Date "2014.05.21"]
[Round "7"]
[White "Frederiksen, Uffe"]
[Black "Wehlast, Svend Erik"]
[Result "1-0"]
[WhiteElo "1705"]
[BlackElo "1586"]
[PlyCount "134"]
[EventDate "2014.??.??"]

1. b4 b5 2. e3 c6 3. c4 bxc4 4. Bxc4 Ba6 5. Bb3 e6 6. a3 Nf6 7. d4 Be7 8. Ne2
O-O 9. O-O Bxe2 10. Qxe2 Qc7 11. Bb2 d5 12. Nd2 Qb7 13. Bc3 Nbd7 14. Bc2 h6 15.
Bd3 a6 16. Nb3 Ne4 17. Be1 f5 18. f3 Nd6 19. Na5 Qb6 20. Rc1 Nb8 21. Bg3 Nb7
22. Nb3 Bd6 23. Nc5 Bxg3 24. hxg3 Nxc5 25. bxc5 Qc7 26. f4 a5 27. g4 Qf7 28.
Rb1 Ra7 29. Rb6 Ra8 30. Rfb1 Qg6 31. Kf2 Qe8 32. gxf5 exf5 33. g4 Nd7 34. Rb7
Rb8 35. Bxf5 Rxb7 36. Rxb7 Nf6 37. Qd3 Qd8 38. Be6+ Kh8 39. Qg6 Ne4+ 40. Ke2
Qf6 41. Qxf6 Nxf6 42. Rc7 Rb8 43. g5 hxg5 44. fxg5 Ne4 45. g6 Rb2+ 46. Kf3 Rf2+
47. Kg4 Rg2+ 48. Kh3 Rg3+ 49. Kh4 Rxg6 50. Rc8+ Kh7 51. Bf5 Nf6 52. Bxg6+ Kxg6
53. Rxc6 Kf5 54. Rd6 g5+ 55. Kh3 g4+ 56. Kg2 g3 57. Rxf6+ Kxf6 58. Kxg3 Ke6 59.
Kf4 a4 60. e4 dxe4 61. Kxe4 Ke7 62. Ke5 Kd7 63. d5 Ke7 64. c6 Ke8 65. Ke6 Kd8
66. d6 Kc8 67. c7 Kb7 1-0

[Event "Faxe Jubilaeums EMT 2014"]
[Site "Faxe"]
[Date "2014.05.21"]
[Round "7"]
[White "Rasmussen, Frede"]
[Black "Eckert, Svend"]
[Result "0-1"]
[WhiteElo "1456"]
[BlackElo "1579"]
[PlyCount "66"]
[EventDate "2014.??.??"]

1. d4 Nf6 2. Bf4 d6 3. h3 Nbd7 4. Nf3 b6 5. Nbd2 Bb7 6. e3 Rc8 7. Bd3 c5 8. c3
g6 9. Qe2 Bg7 10. Ba6 Qc7 11. O-O O-O 12. Rfc1 Nd5 13. Bg3 e5 14. Bxb7 Qxb7 15.
e4 Nf4 16. Bxf4 exf4 17. d5 b5 18. Rab1 c4 19. Rc2 Rfe8 20. Qf1 Nc5 21. Nd4
Bxd4 22. cxd4 Nxe4 23. Nf3 Qxd5 24. Qc1 g5 25. b3 h6 26. bxc4 Rxc4 27. Rxc4
Qxc4 28. Qxc4 bxc4 29. Rb7 Rc8 30. Rb1 c3 31. Rc1 Rb8 32. Ne1 Rb2 33. f3 Ng3
0-1

[Event "Faxe Jubilaeums EMT 2014"]
[Site "Faxe"]
[Date "2014.05.21"]
[Round "7"]
[White "Andersen, Hans Poul"]
[Black "Nielsen, Flemming"]
[Result "0-1"]
[WhiteElo "1270"]
[BlackElo "1420"]
[PlyCount "60"]
[EventDate "2014.??.??"]

1. e4 e5 2. Bc4 Nf6 3. d3 Bc5 4. h3 Nc6 5. Bd2 a6 6. a3 O-O 7. Nf3 d6 8. O-O
Be6 9. Bxe6 fxe6 10. b4 Ba7 11. Bc3 Qe7 12. Nbd2 Nd7 13. Bb2 b5 14. c4 Rab8 15.
Rc1 bxc4 16. Rxc4 Rb6 17. Qc2 Ndb8 18. Nb3 d5 19. exd5 exd5 20. Rc5 Rd8 21. Bc1
Rd6 22. Qe2 Nd7 23. Rc2 Rg6 24. Nh2 Qh4 25. Qf3 Nf6 26. Qf5 Ne7 27. Qxe5 Qxh3
28. g3 Re6 29. Qxc7 Rxg3+ 30. Kh1 Qg2# 0-1

[Event "Faxe Jubilaeums EMT 2014"]
[Site "Faxe"]
[Date "2014.05.21"]
[Round "7"]
[White "Jakobsen, Henning"]
[Black "Eriksen, Knud Ejler"]
[Result "0-1"]
[WhiteElo "1235"]
[BlackElo "1067"]
[PlyCount "98"]
[EventDate "2014.??.??"]

1. d4 Nf6 2. c4 h6 3. Nc3 e6 4. Nf3 d5 5. Bf4 Bb4 6. Rc1 O-O 7. e3 Ne4 8. Bd3
Nxc3 9. bxc3 Be7 10. O-O b6 11. Ne5 Nd7 12. Nc6 Qe8 13. Nxe7+ Qxe7 14. Bxc7 Nf6
15. Be5 Bb7 16. Re1 Rac8 17. cxd5 Bxd5 18. c4 Bb7 19. Be2 Nd7 20. Bf4 Rcd8 21.
Bf3 Bc8 22. Bc6 Nf6 23. e4 Nh7 24. d5 e5 25. Bd2 Nf6 26. h3 Kh8 27. Rc3 Rd6 28.
Rg3 Ng8 29. Bb4 f5 30. Bxd6 Qxd6 31. exf5 Rxf5 32. Rge3 Ne7 33. g4 Ng6 34. gxf5
Bxf5 35. Qh5 Qf6 36. Qd1 Nf4 37. Rxe5 Qg5+ 38. Qg4 Bxg4 39. Rxg5 Nxh3+ 40. Kg2
Nxg5 41. Re8+ Kh7 42. d6 Bh5 43. Re7 Bg4 44. Rxa7 Ne6 45. Kg3 h5 46. Be4+ Kh6
47. Ra6 Nc5 48. Rxb6 Nxe4+ 49. Kh4 g5# 0-1

[Event "Faxe Jubilaeums EMT 2014"]
[Site "Faxe"]
[Date "2014.05.21"]
[Round "7"]
[White "Christoffersen, Ib"]
[Black "Skotte, Niels Peder"]
[Result "1-0"]
[WhiteElo "1439"]
[BlackElo "1346"]
[PlyCount "109"]
[EventDate "2014.??.??"]

1. d4 Nf6 2. Nf3 g6 3. Nc3 d6 4. h3 Bf5 5. Bg5 Bg7 6. Bxf6 Bxf6 7. e4 Bd7 8.
Bc4 c6 9. Qd2 h6 10. O-O-O e6 11. e5 d5 12. Bb3 Bg5 13. Nxg5 Qxg5 14. f4 Qe7
15. a3 Na6 16. Na2 c5 17. c4 cxd4 18. Qxd4 Nc5 19. Bc2 Bc6 20. Nc3 Rd8 21. b4
Ne4 22. Bxe4 dxe4 23. Qxd8+ Qxd8 24. Rxd8+ Kxd8 25. b5 Bd7 26. Nxe4 Ke7 27. Rd1
Rc8 28. Nd6 Rc7 29. Kb2 b6 30. Kb3 g5 31. g3 f6 32. h4 fxe5 33. fxe5 gxh4 34.
gxh4 Be8 35. Rg1 Kd8 36. Rg8 Re7 37. Rh8 h5 38. a4 Kd7 39. Kb4 Bg6 40. Ra8 Rh7
41. Rxa7+ Kd8 42. Ra6 Kc7 43. Ra7+ Kb8 44. Rxh7 Bxh7 45. a5 bxa5+ 46. Kxa5 Bc2
47. c5 Bb3 48. b6 Bd5 49. Kb5 Ba8 50. Ne8 Bb7 51. Ng7 Bd5 52. Nxh5 Be4 53. Ng7
Bf5 54. h5 Bd3+ 55. Kb4 1-0